000 00537nam a22001577a 4500
008 211101b ||||| |||| 00| 0 eng d
020 _a9781589661691
050 _aQH331.H593 2008
100 _aHoffmeyer, Jesper
_950818
245 _aBiosemiotics:
_ban examination into the signs of life and the life of signs.
_c/by Jesper Hoffmeyer.
250 _b/by Donald, Favareau
260 _aLondon:
_bUniversity of Scranton Press,
_cc2008.
300 _axix, 419p.;
_c24cm.
650 _aBiology
_xSemiotics
_950819
942 _2lcc
_cMONOGRAPH
999 _c131045
_d131045